[Event "SWE-ch"]
[Site "Gothenburg"]
[Date "2005.07.03"]
[Round "2"]
[White "Ernst, Thomas"]
[Black "Berg, Emanuel"]
[Result "1/2-1/2"]
[WhiteElo "2459"]
[BlackElo "2539"]
[Annotator "Berg,E"]
[PlyCount "93"]
[EventDate "2005.07.02"]
[EventType "tourn"]
[EventRounds "15"]
[EventCountry "SWE"]
[SourceTitle "CBM 107 Extra"]
[Source "ChessBase"]
[SourceDate "2005.09.01"]
[SourceVersion "1"]
[SourceVersionDate "2005.09.01"]
[SourceQuality "1"]
[WhiteClock "1:59:55"]
[BlackClock "1:32:15"]

1. e4 e6 2. d4 d5 3. Nc3 Bb4 4. e5 c5 5. a3 Bxc3+ 6. bxc3 Ne7 ({Earlier I was
used to play} 6... Qc7 7. Qg4 f5 8. Qg3 Ne7 9. Qxg7 Rg8 10. Qxh7 cxd4 {leading
to wild complications, which I am not at all against. However my latest games
has shown that white has got a clear advantage if he plays correctly and
especially the rapid game Anand-Curt Hansen, SIS-MH Masters 2003 is of
particular importance.}) 7. Qg4 O-O 8. Bd3 Nbc6 ({Another interesting move is} 
8... f5 {which the Swedish champion Stellan Brynell used later on in the same
tournament to defeat Ernst.}) 9. Qh5 Ng6 10. Nf3 Qc7 11. Be3 c4 12. Bxg6 fxg6
13. Qg4 Bd7 {Here black has the solid alternative} (13... Qf7 {with the idea
14...Qf5 forcing exchange of queens and stops the white kingside attack.}) 14.
h4 {White prepares to break up the wall of pawns in front of the black king
with h5.} Rf5 {Doesn't stop h5, but prepares ...Raf8 to create counterplay on
the f-file.} 15. h5 gxh5 16. Rxh5 Rxh5 {This move is considered dubious
according to theory, which possibly could be right. However I didn't find
anything special for white during my preparations and so I was ready to try it.
Usually} (16... Raf8 17. Rh3 {is played. Black later on sacrifices an exchange
on the white knight to get control over the light squares. However the most
recent games has shown that still white has the better prospects. Black has an
esthetical attractive position, but no concrete play. Instead he must play
expectant and concentrate on stopping the white pawn break f4-f5.}) 17. Qxh5
Be8 {The bishop is heading for g6 where it has an excellent outpost. But
before that white will cause black some trouble as the e6 pawn now is
unprotected.} 18. Qh3 {Not only threatening the e6 pawn but also Ng5 with
double threats on e6 and h7.} Nd8 $1 {Protecting the e6 pawn and also
neutralizing the Ng5-attack as will be shown in the comments to white's next
move.} 19. Bg5 $1 {Here my opponent used up a lot of time, but he also found
the seemingly best continuation. After the tempting} (19. Ng5 {I had planned
to reply} h6 $1 20. Nxe6 Qa5 {with counterattack for black. Not only the c3
pawn is threatened, but also the simple ...Bd7 winning a piece. To avoid
getting a worse position white must continue energetic with} 21. Bxh6 $1 ({
After} 21. Nxd8 {there will follow} Qxc3+ 22. Ke2 Qxc2+ 23. Kf1 Rxd8 24. Qe6+
Bf7 25. Qe7 Re8 26. Qxb7 Qc3 {with an edge for black.}) 21... Nxe6 22. Qxe6+
Bf7 23. Qh3 $1 (23. Qg4 {is bad in view of} Qxc3+ 24. Kd1 (24. Ke2 {is
answered with} Qxc2+ {followed by Qh7 and the attack is over for white.}) 24...
Qxa1+ 25. Ke2 Bh5 $1 26. Qxh5 Qxd4 {The black queen is coming back to defend
in time with a winning position for black.}) 23... gxh6 24. f4 {with an
interesting game. White has only got two pawns for the sacrificed bishop, but
on the other hand it is two connected passed pawns and moreover the black king
is seriously weakened. I believe the position still is ok for black but he
must play careful to avoid getting in trouble. A possible continuation is} Qb6
{with the idea to transfer the queen to the kingside. Now the h6 pawn is
protected and black has the threat of ...Qb2, which makes the otherwise
natural move f4-f5 impossible.}) ({At last white also got the interesting move
} 19. Kd2 {as have been played in a few games with incredible good score for
white. However my conclusion is that the results more depends on that white
was the higher rated player than that the position should be better for him.
There might follow} Bg6 20. g4 Nc6 21. Nh4 Qf7 22. f4 Rf8 23. Rf1 Ne7 24. Rf2
Be4 25. Nf3 Bxf3 26. Rxf3 {and instead of} h6 $2 {played in the game
Külaots-Kuemin, Istanbul 2004 black can continue with} (26... Qg6 {with a
fully playable position and nice control over the light squares.})) 19... Bf7 {
A boring move to play but also a necessary one. In case of} (19... Qd7 $2 {
white wins a pawn playing} 20. Bxd8 Rxd8 21. Ng5) 20. Kd2 (20. Bxd8 {can now
be answered with} Qxd8 {protecting against Ng5.}) 20... Qd7 {Protecting e6 and
prepares ...Bg6.} 21. Rh1 Bg6 {This far everything was following preparation
and I was just waiting to answer 22.Nh4 with Qf7 equalizing.} 22. Bxd8 $1 {
I was underestimating this natural move that seem s to lead to an advantage
for white. Suddenly the knight comes to g5 with even more power than in
earlier variations.} Rxd8 23. Ng5 {White activates a double threat against h7
and e6. At first it doesn't seem to be any defence at all. However there are
some nuances in the position that soon will be revealed. Protecting both of
the pawns is impossible, but instead black can sacrifice the h7 pawn to start
a couterattack on c2 with ...Qa4 afterwards.} Bf5 $2 {The alternative was} (
23... Re8 $1 24. Nxh7 Qa4 {with the idea} 25. Nf6+ Kf7 26. Nxe8 (26. Rc1 gxf6
27. Qh4 $1 {can now be met with} fxe5 28. dxe5 Rg8 $1 {and after} 29. Qf6+ Ke8
30. Qxe6+ Kf8 31. Qd6+ Kf7 $1 {Its important for black to play exactely.} ({
After} 31... Ke8 $4 {there will follow} 32. Qb8+ Kf7 33. e6+ $1 Kg7 34. Qe5+
Kf8 35. Qd6+ Ke8 (35... Kg7 36. Qe7+ Kh6 37. Rh1+ Bh5 38. Qf6+ Rg6 39. Qh8+ Kg5
40. Qe5+ Kg4 41. f3#) 36. Qb8+ {and the black rook falls.}) 32. Qxd5+ Kf8 {
white has nothing more than perpetual checks.}) 26... Qxc2+ 27. Ke1 Qc1+ 28.
Ke2 Qc2+ {with perpetual. If white tries to get away with} 29. Kf3 {he might
well loose the game instead after} Qxc3+ 30. Kf4 Qxd4+ 31. Kg3 Qxe5+ {and soon
the e8-knight will fall with a huge material advantage to black.}) 24. g4 Bg6
25. f4 $6 {Now black will get away. White should have played} (25. Nxh7 Qa4 26.
Nf6+ Kf7 27. Rc1 {with the idea} gxf6 28. Qh4 $1 {and white is winning. The
parry I had planned during the game was} Kg8 29. Qxf6 Qe8 30. Rh1 Bh7 31. Qg5+
{with perpetual checks. But after} (31. Rh5 $1 {which I totally missed in my
calculations the game is lost for black. Therefore black must play something
else than 27...gxf6, but in any case white has good winning chances.})) 25...
h6 26. Nxe6 Qxe6 27. f5 Qf7 28. fxg6 Qxg6 29. Qf3 {White has some press and
could he play Rf1 he would get some serious winning chances.} Qf7 30. Qf5 ({
In case of} 30. Qxf7+ Kxf7 31. Rf1+ Ke6 {white has got the f-file, but the
black king is to active and white has no way to break through.}) 30... Rf8 31.
Qxf7+ (31. Rf1 {is met with} Qe7 32. Qxf8+ Qxf8 33. Rxf8+ Kxf8 {leading to the
game.}) 31... Kxf7 $1 {The clearly best move. The king should be activated in
the endgame and on e6 it has an excellent position. However allowing a pawn
ending you must always do some correct calculations.} ({After} 31... Rxf7 32.
Ke3 {black is still under pressure and must play exactly not to loose the game.
}) 32. Rf1+ Ke7 33. Rxf8 Kxf8 34. g5 $1 {White's only hope of winning the pawn
ending is to create an entry for his king. Black threatened to play ...g6
closing the position completely with a dead draw as result.} hxg5 (34... h5 $4
{is loosing for black after} 35. g6 $1 Ke7 36. Ke3 Ke6 37. Kf4 h4 38. Kg4 h3
39. Kxh3 Kf5 40. Kh4 Kxg6 (40... Ke6 {doesn't help either} 41. Kg5 b5 42. Kf4
Kd7 43. Kf5 Ke7 44. e6 Kd6 45. e7 Kxe7 46. Ke5 a6 47. Kxd5 Kf6 48. Kc6 Kxg6 49.
d5 Kf7 50. d6 Ke8 51. Kc7 {and the white d-pawn will queen.}) 41. Kg4 {White
has now reached a won pawn ending. The winning idea is to exchange the e-pawn
against the black g-pawn Then black will be unable to defend the weak d5-pawn
as the variation below illustrates.} b6 42. Kf4 b5 43. Kg4 Kf7 44. Kf5 g6+ 45.
Kg5 Kg7 46. e6 a6 47. e7 Kf7 48. e8=Q+ Kxe8 49. Kxg6 Ke7 50. Kf5 Kd6 51. Kf6 a5
52. Kf5 Kc6 53. Ke6 {And finally the d5-pawn falls and white is winning.}) 35.
Ke3 Kf7 36. Kf3 Kg6 37. Kg4 b5 38. e6 $1 {White sacrifices another pawn to be
able to enter with his king. A very dangerous idea that easily could have been
overseen by black when playing 31...Kxf7. But luckily I had counted even this
variation to the bottom.} ({White cannot win any tempi playing} 38. Kg3 {
because black can always play the waiting-move ...Kh6 when needed.} {but
playing} Kf7 {is bad in view of} 39. Kf3 {and after} Kg6 40. Kg4 {white has
won a tempi. However he still has the resource} a6 $1 {keeping the draw.})
38... Kf6 39. e7 Kxe7 40. Kxg5 {The white king has come to far inside the
black territory and so he cannot make use of his extra pawn. Instead he must
give back either the g7 or the d5 pawn. As a loss of the g7-pawn also will
mean loosing the d5 the choice is quite obvious.} a6 41. Kg6 Kf8 42. Kf5 Kf7
43. Ke5 Ke7 44. Kxd5 Kd7 45. Ke5 Ke7 46. Kf5 Kf7 47. Ke5 {Here white offered a
draw because he cannot proceed without going forward with the d-pawn which
only gives black unnecessary winning chances.} 1/2-1/2

[Event "EU-Cup 22nd"]
[Site "Fuegen"]
[Date "2006.10.09"]
[Round "2.2"]
[White "Jakovenko, Dmitrij"]
[Black "Berg, Emanuel"]
[Result "1-0"]
[WhiteElo "2671"]
[BlackElo "2582"]
[Annotator "Berg,E"]
[PlyCount "79"]
[EventDate "2006.10.08"]
[EventType "team-swiss"]
[EventRounds "7"]
[EventCountry "AUT"]
[SourceTitle "CBM 115"]
[Source "ChessBase"]
[SourceDate "2006.11.15"]
[SourceVersion "1"]
[SourceVersionDate "2006.11.15"]
[SourceQuality "1"]
[WhiteTeam "Tomsk 400"]
[BlackTeam "Sollentuna"]
[WhiteTeamCountry "RUS"]
[BlackTeamCountry "SWE"]

1. e4 e6 2. d4 d5 3. Nc3 Bb4 4. e5 c5 5. a3 Bxc3+ 6. bxc3 Ne7 7. Qg4 O-O 8. Bd3
f5 9. exf6 Rxf6 10. Bg5 Rf7 11. Qh5 g6 12. Qd1 Nbc6 13. Nf3 Qa5 14. Qd2 {
This move seems to be a good alternative to the more usual reply} (14. Bd2 {
when the play usually goes} Qc7 15. dxc5 e5 16. Ng5 Rf8 17. c4 e4 18. cxd5 exd3
19. d6 Qd7 20. dxe7 Qxe7+ 21. Be3 Rf5 {with a interesting position that still
needs more practice. According to theory White should have the better
prospects, but Black has the initiative and some development advantage in
exchnage for the sacrificed pawn, so it is not at all that clear.}) 14... Qc7
$146 {According to my databases this move seems to be a novelty. Ofcourse it
looks a bit strange to move the Queen back at once, but the idea is clear. I
didnät like to allow White playing Bf4 taking full control over the e5-square.
Now as the White Queen has left protection over the f3-knight an exchange
sacrifice there can also become interesting.} ({The normal developing move} 
14... Bd7 {seems to give Black some trouble after} 15. h4 $1 ({In case of} 15.
O-O {Black might continue} cxd4 16. cxd4 Qxd2 17. Bxd2 Rxf3 18. gxf3 Nxd4 19.
Kg2 Rc8 20. Rab1 b6 {with compensation for the exchange in Alsina Leal,
D-Gonzalez Garcia,J/Badalona 2005/CBM 107 ext (47).}) 15... Nf5 16. h5 cxd4 17.
hxg6 hxg6 18. Qf4 $1 {Smirnov,P-Potkin,V/Kazan 2001/EXT 2002 continued} Rg7 ({
After} 18... Qxc3+ 19. Ke2 {White is just clearly better with a powerful
attack to follow.}) 19. Qh2 Kf7 20. g4 e5 21. gxf5 {This gives Black
unnecessary chanses. Better was} (21. Rb1 Nd6 22. Kf1 {and Black is without
counterplay.}) 21... Qxc3+ 22. Bd2 $2 {This is a misstake.} (22. Kf1 {should
have been played with the idea} Qxa1+ 23. Kg2 Qxh1+ 24. Kxh1 {nad White keep
the advantage.}) 22... Qxa1+ 23. Ke2 Qxa3 24. Ng5+ Ke7 25. f6+ Kxf6 26. Qh4 Ke7
$2 {Now the game quickly went into White's hand. Instead Black could play the
strange-looking} (26... Qe7 $1 {ignoring the discovered check and remaining
with a clear advantage. Ofcourse the position looks risky for Black, but he
has a lot of material and as White has nothing concrete he might be just
winning.}) 27. Bc1 $1 Qb4 28. Ne4+ $2 (28. Bd2 {was objectively better
repeating moves}) 28... Kf7 29. Qf6+ $2 {Again giving the game to Black.} (29.
Ng5+ {was better.}) 29... Kg8 30. Bh6 Bg4+ $2 (30... Qe7 {would give Black a
winning position after} 31. Bxg7 Qxg7 {with a huge material advantage.
Ofcourse Black still has to be careful not to go wrong, but with correct play
he should be wining.}) 31. f3 Bxf3+ 32. Qxf3 dxe4 33. Qxe4 Qe7 {The final
mistake. After the correct} (33... Qd6 {Black is still in the game.}) 34. Bxg7
Qxg7 35. Qd5+ Qf7 36. Rh8+ {1-0 Smirnov,P-Potkin,V/Kazan 2001/EXT 2002}) (14...
cxd4 {gives White some advantage in the upcoming endgame due to the pair of
bishops.} {It might continue} 15. cxd4 Qxd2+ 16. Bxd2 Nf5 ({Now after} 16...
Rxf3 17. gxf3 Nxd4 18. f4 {White has the advantage of not having castled yet
in contrast to the prior variation. The King will be more usuful in the center
for instance on d2 were it can protect the c2-pawn. White has a small but
stable plus.}) 17. Ne5 Nxe5 18. dxe5 Bd7 19. Rb1 b6 20. O-O Rc8 21. Rfc1 {
as in Macieja,B-Masternak,G/Wisla 1992/TD (40). White is about to play c4
opening lines and diagonals for the bishops, remaining with a solid plus.}) ({
Perhaps} 14... c4 {is the move to be played, but I still prefer White after}
15. Be2 Nf5 16. Ne5 ({Not} 16. Bf4 $2 Nfxd4 17. cxd4 Rxf4 {as in Mazzilli,
P-Farago,I/Rome 2005/EXT 2006 (28) and Black won a pawn and later also the
game.}) {The game Ernst,T-Giddins,S/Gausdal 1995/CBM 046 ext quickly went to a
draw after} 16... Rf8 17. Nxc6 bxc6 18. Bf4 c5 19. Be5 cxd4 20. cxd4 Qxd2+ 21.
Kxd2 Nh4 22. g3 Nf3+ 23. Ke3 Nxe5 24. dxe5 Bd7 25. f4 Rab8 {but I am sure
there are several ways to improve for White, for instance 17.0-0 and even the
final position isn't that dead draw. I cannot see any risk for White playing
on here while Black has to be a lot more careful not to let the White King
enter on the queenside.}) 15. O-O cxd4 {Here I was using up a lot of my time
trying to find something great. Ofcourse} (15... Rxf3 {was in my dreams but
unfortunately I couldn't get it work in a good way.} {After} 16. gxf3 cxd4 {
White doesn't need to take back on d4 but can continue} 17. Rfe1 ({Also
interesting is} 17. f4 Qa5 18. Bf6 Kf7 19. Be5 Qxc3 20. Qe2 {with a promising
position for White.}) 17... e5 18. Bf1 {and the Black center starts lookinga
bit shaky. Black has got a pawn for the exchange but far from full
compensation.}) 16. Nxd4 $1 ({Ofcourse} 16. cxd4 {would be met by} Rxf3 17.
gxf3 Nxd4 18. Kg2 e5 {and here in comparision to the prior variation Black has
very good compensation. A possible continuation would be} 19. f4 Qd7 $1 20. Qe3
e4 {with a strong initiative for black, for instance} 21. Bxe4 dxe4 22. Bxe7
Nf3 23. Qb3+ Kg7 24. Qc3+ Kh6 25. Bf8+ Kh5 {and the Black King goes for vitory!
}) 16... a6 {Preparing for ...e5.} ({At first I thought that} 16... e5 {
would just give me a strong center and a good game, but after} 17. Nb5 Qd7 18.
c4 {White breaks it up having the advantage.}) 17. Rae1 e5 18. Nxc6 bxc6 19. f3
$1 {A very strong prophylactic move that gives Black a very difficult
defensive task. The e5-pawn is weak and will soon be attacked by the white
queen. Black has no way defending it and must search for tactical counterplay
instead.} Nf5 20. Qe2 Qb6+ (20... h6 {Is solving one problem, the e5-pawn but
creates another.} 21. Bc1 Re7 22. g4 $16 {nad the h6-pawn will go lost.}) 21.
Qf2 ({The point is that after} 21. Kh1 Bd7 {the e5-pawn is tactically
protected, but by the cost of some kingside weakening White can still with the
pawn} 22. g4 (22. Qxe5 $2 {is met with} Re8 23. Qf4 Ne3 {and now it's White
who has to fight for equality.}) 22... Ng7 23. Qxe5 Re8 24. Qd4 $16 {White is
clearly better.}) 21... Qc7 22. Qc5 {Now White doesnt win any material at once,
but he has a strong initiaitve and Black is under pressure.} Bb7 $1 {An ugly
but good denfensive resource. After} (22... Bd7 $2 23. c4 $1 {Black cannot
handle the problems any longer.}) 23. Rf2 {White starts to increase the
pressure on e5. Now after} (23. c4 {Black can simply play} Re8 {and everything
is protected.}) 23... Re8 24. Rfe2 Ng7 {Black is still fighting andnow
threatens with ...Ne6 to shoo away the White Queen from c5.} 25. Bh6 Rfe7 ({Now
} 25... Ne6 {is met with} 26. Rxe5 $1 {as there is a mte to follow on f8.}) 26.
Bf4 Kf7 27. Bg3 Nf5 $2 {The final mistake. Now White forces the win by tactics.
Necessary was} (27... Nh5 {and it's all not so clear any longer.}) 28. Bxf5 $1
{This move came as a surprise to me, but ahving seen the idea it's all coming
clear.} gxf5 29. Qb4 $1 {Now White threatens the e5-pawn as the bishop on b7
will hang in the end. MOreover Qh4 is a nasty threat giving Black lots of
headaches.} f4 (29... h6 {was a better try with some survivial chances. It
might continue} 30. Bxe5 (30. Qh4 f4 {is less clear.}) 30... Rxe5 31. Rxe5 Rxe5
32. Rxe5 Qxe5 33. Qxb7+ Kf8 {and even though a pawn down Black is not totally
without drawing chances.}) 30. Rxe5 $1 {Clearing things up!} Rxe5 31. Qxf4+ Kg6
(31... Kg8 32. Qg4+ Qg7 (32... Kh8 33. Bxe5+ Rxe5 34. Qd4 $18) 33. Qxg7+ Kxg7
34. Bxe5+ Kg6 35. g4 {is also hopeless for Black.}) 32. Qg4+ ({I could only
hope for} 32. Rxe5 Qxe5 33. Qxe5 Rxe5 34. Bxe5 {with some practical drawing
chances because of the opposite coloure bishops, but this is also lost due to
the extra pawns on the queenside.}) 32... Rg5 (32... Kf7 {is met by} 33. Bxe5
Rxe5 34. Qf4+ Ke6 35. Qh6+ Kf5 36. g4#) 33. Rxe8 (33. Re6+ $4 {Would be a
terrible blunder leading to a draw after} Kf7 {as now 34.Qxg5 can bet me by ...
Qb6+.} 34. Bxc7 Rxg4 35. Rxe8 Rxg2+ 36. Kxg2 Kxe8 {with a technical draw
because of the opposite coloured bishops.}) 33... Rxg4 ({Now after} 33... Qb6+
{there is} 34. Qd4 $18) 34. Bxc7 Rc4 35. Rb8 Rxc3 36. Rxb7 Rxc2 37. Be5 c5 38.
g4 $1 d4 39. Rg7+ Kh6 40. Rg8 {Black resigned.} 1-0